000 00658nam a2200193Ia 4500
003 GCL
005 20240530103127.0
008 140319s9999 xx 000 0 ara d
040 _aGCL /
_cGCL
082 0 4 _a338.9
_bس ف
100 1 _aسعيد الحضرى
245 1 0 _aالفكر الاقتصادى العربى فى التنمية : نظرة انتقالية من العالم الثالث /
_cسعيد الحضرى
260 _a[S.N] :
_bدار النهضة العربية ،
_c1990
300 _a517 ص
650 0 4 _aالاقتصاد
650 0 4 _aالدول النامية
650 0 4 _aالتنمية الاقتصادية
942 _2ddc
_cBK
999 _c37025
_d37025